UM Logo

Civil society making civil society / (Record no. 20323)

MARC details
000 -LEADER
fixed length control field 00601nam a22001697a 4500
008 - FIXED-LENGTH DATA ELEMENTS--GENERAL INFORMATION
fixed length control field 240528b ||||| |||| 00| 0 eng d
020 ## - INTERNATIONAL STANDARD BOOK NUMBER
International Standard Book Number 9719111151
082 ## - DEWEY DECIMAL CLASSIFICATION NUMBER
Classification number DFil 321.809599
Item number P53f 1997
245 ## - TITLE STATEMENT
Title Civil society making civil society /
Statement of responsibility, etc. edited by Miriam Coronel Ferrer.
260 ## - PUBLICATION, DISTRIBUTION, ETC. (IMPRINT)
Place of publication, distribution, etc. Quezon City :
Name of publisher, distributor, etc. Third World Studies Center,
Date of publication, distribution, etc. ©1997.
300 ## - PHYSICAL DESCRIPTION
Extent 300 pages :
Other physical details illustrations ;
Dimensions 25 cm.
440 ## - SERIES STATEMENT/ADDED ENTRY--TITLE
Title Philippine democracy agenda: volume 3.
9 (RLIN) 57367
500 ## - GENERAL NOTE
General note Includes index.
650 ## - SUBJECT ADDED ENTRY--TOPICAL TERM
Topical term or geographic name as entry element Civil society.
9 (RLIN) 57368
700 ## - ADDED ENTRY--PERSONAL NAME
Personal name Ferrer, Miriam Coronel.
Relator term editor.
9 (RLIN) 57327
942 ## - ADDED ENTRY ELEMENTS (KOHA)
Source of classification or shelving scheme Dewey Decimal Classification
Koha item type Filipiniana
Holdings
Withdrawn status Lost status Source of classification or shelving scheme Damaged status Not for loan Collection code Home library Current library Date acquired Source of acquisition Total Checkouts Full call number Barcode Date last seen Price effective from Koha item type
    Dewey Decimal Classification     Filipiniana UM Digos College - LIC UM Digos College - LIC 03/23/2004 Purchased   DFil 321.809599 P53f 1997 16845 05/15/2025 05/28/2024 Filipiniana